<?xml version="1.0" encoding="UTF-8"?>
<collection xmlns="http://www.loc.gov/MARC21/slim">
 <record>
  <leader>02138nam a22003977a 4500</leader>
  <controlfield tag="001">38973</controlfield>
  <controlfield tag="003">BD-DhAAL</controlfield>
  <controlfield tag="008">220621t2020    enk||||| b||| 001 0 eng d</controlfield>
  <datafield tag="020" ind1=" " ind2=" ">
   <subfield code="a">9780702074486</subfield>
  </datafield>
  <datafield tag="020" ind1=" " ind2=" ">
   <subfield code="a">9780702074479</subfield>
  </datafield>
  <datafield tag="040" ind1=" " ind2=" ">
   <subfield code="a">BD-DhAAL</subfield>
   <subfield code="c">BD-DhAAL</subfield>
  </datafield>
  <datafield tag="082" ind1=" " ind2=" ">
   <subfield code="a">615.1</subfield>
   <subfield code="2">23</subfield>
  </datafield>
  <datafield tag="245" ind1=" " ind2=" ">
   <subfield code="a">Rang &amp; Dale's pharmacology /</subfield>
   <subfield code="c">James M Ritter... [et al.].</subfield>
  </datafield>
  <datafield tag="246" ind1=" " ind2=" ">
   <subfield code="a">Rang and Dale's pharmacology</subfield>
  </datafield>
  <datafield tag="250" ind1=" " ind2=" ">
   <subfield code="a">Ninth edition</subfield>
  </datafield>
  <datafield tag="260" ind1=" " ind2=" ">
   <subfield code="a">London :</subfield>
   <subfield code="b">Elsevier,</subfield>
   <subfield code="c">c2018.</subfield>
  </datafield>
  <datafield tag="300" ind1=" " ind2=" ">
   <subfield code="a">xvi, 789 pages :</subfield>
   <subfield code="b">illustrations ;</subfield>
   <subfield code="c">28 cm.</subfield>
  </datafield>
  <datafield tag="504" ind1=" " ind2=" ">
   <subfield code="a">Includes bibliographical references and index.</subfield>
  </datafield>
  <datafield tag="526" ind1=" " ind2=" ">
   <subfield code="a">PHR</subfield>
  </datafield>
  <datafield tag="541" ind1=" " ind2=" ">
   <subfield code="a">Book Finder International</subfield>
   <subfield code="e">38973, 38974, 38975, 38976, 38977</subfield>
  </datafield>
  <datafield tag="650" ind1=" " ind2=" ">
   <subfield code="a">Pharmacology.</subfield>
   <subfield code="9">49535</subfield>
  </datafield>
  <datafield tag="650" ind1=" " ind2=" ">
   <subfield code="a">Pharmacy.</subfield>
   <subfield code="9">49536</subfield>
  </datafield>
  <datafield tag="700" ind1=" " ind2=" ">
   <subfield code="a">Ritter, James M.</subfield>
   <subfield code="9">49537</subfield>
  </datafield>
  <datafield tag="700" ind1=" " ind2=" ">
   <subfield code="a">Flower,  Rod J.</subfield>
   <subfield code="9">49538</subfield>
  </datafield>
  <datafield tag="700" ind1=" " ind2=" ">
   <subfield code="a">Henderson, Graeme</subfield>
   <subfield code="9">49539</subfield>
  </datafield>
  <datafield tag="700" ind1=" " ind2=" ">
   <subfield code="a">Loke, Yoon Kong</subfield>
   <subfield code="9">49540</subfield>
  </datafield>
  <datafield tag="700" ind1=" " ind2=" ">
   <subfield code="a">MacEwan, David</subfield>
   <subfield code="9">49541</subfield>
  </datafield>
  <datafield tag="700" ind1=" " ind2=" ">
   <subfield code="a">Rang, Humphrey P.</subfield>
   <subfield code="9">49542</subfield>
  </datafield>
  <datafield tag="852" ind1=" " ind2=" ">
   <subfield code="a">Ayesha Abed Library</subfield>
   <subfield code="c">General Stacks</subfield>
  </datafield>
  <datafield tag="942" ind1=" " ind2=" ">
   <subfield code="2">ddc</subfield>
   <subfield code="c">BK</subfield>
  </datafield>
  <datafield tag="999" ind1=" " ind2=" ">
   <subfield code="c">44409</subfield>
   <subfield code="d">44409</subfield>
  </datafield>
  <datafield tag="952" ind1=" " ind2=" ">
   <subfield code="0">0</subfield>
   <subfield code="1">0</subfield>
   <subfield code="2">ddc</subfield>
   <subfield code="4">0</subfield>
   <subfield code="6">615_100000000000000_RAN</subfield>
   <subfield code="7">0</subfield>
   <subfield code="9">71049</subfield>
   <subfield code="a">BRACUL</subfield>
   <subfield code="b">BRACUL</subfield>
   <subfield code="c">GEN</subfield>
   <subfield code="d">2022-06-19</subfield>
   <subfield code="e">Book Finder International</subfield>
   <subfield code="g">2631.76</subfield>
   <subfield code="l">1</subfield>
   <subfield code="m">30</subfield>
   <subfield code="o">615.1 RAN</subfield>
   <subfield code="p">3010038973</subfield>
   <subfield code="r">2023-03-28</subfield>
   <subfield code="s">2022-08-01</subfield>
   <subfield code="t">1</subfield>
   <subfield code="v">2631.76</subfield>
   <subfield code="w">2022-06-19</subfield>
   <subfield code="y">BK</subfield>
  </datafield>
  <datafield tag="952" ind1=" " ind2=" ">
   <subfield code="0">0</subfield>
   <subfield code="1">0</subfield>
   <subfield code="2">ddc</subfield>
   <subfield code="4">0</subfield>
   <subfield code="6">615_100000000000000_RAN</subfield>
   <subfield code="7">0</subfield>
   <subfield code="9">71050</subfield>
   <subfield code="a">BRACUL</subfield>
   <subfield code="b">BRACUL</subfield>
   <subfield code="c">GEN</subfield>
   <subfield code="d">2022-06-19</subfield>
   <subfield code="e">Book Finder International</subfield>
   <subfield code="g">2631.76</subfield>
   <subfield code="l">2</subfield>
   <subfield code="m">33</subfield>
   <subfield code="o">615.1 RAN</subfield>
   <subfield code="p">3010038976</subfield>
   <subfield code="r">2024-01-28</subfield>
   <subfield code="s">2023-08-06</subfield>
   <subfield code="t">4</subfield>
   <subfield code="v">2631.76</subfield>
   <subfield code="w">2022-06-19</subfield>
   <subfield code="y">BK</subfield>
  </datafield>
  <datafield tag="952" ind1=" " ind2=" ">
   <subfield code="0">0</subfield>
   <subfield code="1">0</subfield>
   <subfield code="2">ddc</subfield>
   <subfield code="4">0</subfield>
   <subfield code="6">615_100000000000000_RAN</subfield>
   <subfield code="7">0</subfield>
   <subfield code="9">71051</subfield>
   <subfield code="a">BRACUL</subfield>
   <subfield code="b">BRACUL</subfield>
   <subfield code="c">GEN</subfield>
   <subfield code="d">2022-06-19</subfield>
   <subfield code="e">Book Finder International</subfield>
   <subfield code="g">2631.76</subfield>
   <subfield code="l">2</subfield>
   <subfield code="m">15</subfield>
   <subfield code="o">615.1 RAN</subfield>
   <subfield code="p">3010038977</subfield>
   <subfield code="r">2023-12-20</subfield>
   <subfield code="s">2023-10-10</subfield>
   <subfield code="t">5</subfield>
   <subfield code="v">2631.76</subfield>
   <subfield code="w">2022-06-19</subfield>
   <subfield code="y">BK</subfield>
  </datafield>
  <datafield tag="952" ind1=" " ind2=" ">
   <subfield code="0">0</subfield>
   <subfield code="1">0</subfield>
   <subfield code="2">ddc</subfield>
   <subfield code="4">0</subfield>
   <subfield code="6">615_100000000000000_RAN</subfield>
   <subfield code="7">0</subfield>
   <subfield code="9">71052</subfield>
   <subfield code="a">BRACUL</subfield>
   <subfield code="b">BRACUL</subfield>
   <subfield code="c">GEN</subfield>
   <subfield code="d">2022-06-19</subfield>
   <subfield code="e">Book Finder International</subfield>
   <subfield code="g">2631.76</subfield>
   <subfield code="l">2</subfield>
   <subfield code="m">32</subfield>
   <subfield code="o">615.1 RAN</subfield>
   <subfield code="p">3010038975</subfield>
   <subfield code="r">2023-07-08</subfield>
   <subfield code="s">2023-03-05</subfield>
   <subfield code="t">3</subfield>
   <subfield code="v">2631.76</subfield>
   <subfield code="w">2022-06-19</subfield>
   <subfield code="y">BK</subfield>
  </datafield>
  <datafield tag="952" ind1=" " ind2=" ">
   <subfield code="0">0</subfield>
   <subfield code="1">0</subfield>
   <subfield code="2">ddc</subfield>
   <subfield code="4">0</subfield>
   <subfield code="6">615_100000000000000_RAN</subfield>
   <subfield code="7">0</subfield>
   <subfield code="9">71053</subfield>
   <subfield code="a">BRACUL</subfield>
   <subfield code="b">BRACUL</subfield>
   <subfield code="c">GEN</subfield>
   <subfield code="d">2022-06-19</subfield>
   <subfield code="e">Book Finder International</subfield>
   <subfield code="g">2631.76</subfield>
   <subfield code="l">2</subfield>
   <subfield code="m">19</subfield>
   <subfield code="o">615.1 RAN</subfield>
   <subfield code="p">3010038974</subfield>
   <subfield code="r">2025-09-21</subfield>
   <subfield code="s">2025-09-21</subfield>
   <subfield code="t">2</subfield>
   <subfield code="v">2631.76</subfield>
   <subfield code="w">2022-06-19</subfield>
   <subfield code="y">BK</subfield>
  </datafield>
 </record>
</collection>
